Liturgiae praxis, juxta ritum romanum in missae celebratione, offici recitatione et sacramentorum administratione servanda.

Detalles Bibliográficos
Autor principal: HERDT, J.B. de
Formato: Libro
Publicado: Barcelona 1888
Edición:2a. ed.
Materias:
Colección:Banco de datos
Acervo:Biblioteca del Convento de San Pablo. Yuririahupándaro. Guanajuato
Descripción Física:t. I
Tema general:Liturgia
Notas:Buena. Ex libris de Francisco Ayala y otro del colegio de San Pablo Yuriria. 3L1, 53.
LEADER 00830nam a22002170004500
035 |a 38535 
036 |a 4176 
100 1 |a HERDT, J.B. de 
245 1 0 |a Liturgiae praxis, juxta ritum romanum in missae celebratione, offici recitatione et sacramentorum administratione servanda. 
250 |a 2a. ed. 
260 |a Barcelona  |b Herederos de Paulo Riera imp.  |c 1888 
300 |a t. I 
500 |a Buena. Ex libris de Francisco Ayala y otro del colegio de San Pablo Yuriria. 3L1, 53. 
650 1 0 |a Liturgia 
949 |a CRG-CY 
959 |a Ex convento de San Pablo, Museo Regional de Yuririahpúndaro, Guanajuato  |b CCC9 
960 |a Convento San Pablo Yuririahpúndaro, Guanajuato  |b DD86 
961 |a Agustina  |b OA 
942 |c CRG-CY 
943 |g Biblioteca del Convento de San Pablo. Yuririahupándaro. Guanajuato 
999 |c 959201  |d 959201